| 000 | 00391nam a22001217a 4500 | ||
|---|---|---|---|
| 008 | 230629b xxu||||| |||| 00| 0 eng d | ||
| 082 |
_a346.06 _bEAC |
||
| 100 | _cEast African Community | ||
| 245 |
_aEast African Community _b8th Extra-ordinary meeting of the Council of Ministers _cReport of the Meeting |
||
| 260 |
_aArusha, Tanzania _bEAC _c2004 |
||
| 300 | _avarious panging | ||
| 942 |
_2ddc _cBK |
||
| 999 |
_c3072 _d3072 |
||